000 00603nam a2200253Ia 4500
003 OSt
005 20221007094812.0
006 a|||||r|||| 00| 0
007 ta
008 221006b |||||||| |||| 00| 0 eng d
024 _a101
037 _cTextual
040 _aLCO
_cLCO
_beng
041 _2eng
_aeng
082 _aZ(Q2), N0
100 _aMulla
_9683289
245 0 _aHindu Law
250 _a16th
260 _aBombay
_bN.M.Tripathi Private LTD. India
_c1990
300 _a1058
650 _aHINDU LAW
942 _hZ(Q2), N0
_cTEXL
999 _c1169664
_d1169664